MARC

LEADER 00000nam0a2200000 4500
001 274033
005 20231101234704.0
020 |a RU  |b 87-71394 
035 |a (RuTPU)RU\TPU\book\297243 
090 |a 274033 
100 |a 20141030d1987 km y0rusy5003 ca 
101 0 |a rus 
102 |a RU 
105 |a y g 001zy 
200 1 |a Валюты стран мира  |e справочник  |f Д. Д. Бутаков [и др.]  |g гл. ред. С. М. Борисов 
205 |a 5-е изд., перераб. и доп. 
210 |a Москва  |c Финансы и статистика  |d 1987 
215 |a 383 с. 
320 |a Алф. указ.: с. 379-380 
606 1 |a Валюты стран мира  |2 stltpush  |3 (RuTPU)RU\TPU\subj\35970  |9 57505 
610 1 |a экономика 
610 1 |a мировая экономика 
610 1 |a финансы 
610 1 |a международные валютно-финансовые организации 
610 1 |a валютные зоны 
610 1 |a рынки золота 
610 1 |a справочники 
686 |a У526я2  |2 rubbk 
701 1 |a Бутаков  |b Д. Д.  |g Даниил Дмитриевич 
701 1 |a Золотаренко  |b Е. Д.  |g Елена Денисовна 
701 1 |a Рыбалко  |b Г. П.  |g Геннадий Павлович 
701 1 |a Смирнова  |b Г. С.  |g Галина Сергеевна 
701 1 |a Тришина  |b И. Е.  |g Инесса Ефимовна 
702 1 |a Борисов  |b С. М.  |g Станислав Михайлович  |4 651 
801 0 |a RU  |b RuMRKP  |c 19950417  |g psbo 
801 1 |a RU  |b 63413507  |c 20141030 
801 2 |a RU  |b 63413507  |c 20170117  |g RCR 
942 |c BK